000 00998nam a2200277Ia 4500
003 OSt
005 20221005110542.0
006 a|||||r|||| 00| 0
007 ta
008 221004b |||||||| |||| 00| 0 hin d
020 _a8126308354 (hbk)
_c560
024 _a8005
037 _b253, 24/10/2013, Swaraj Prakashan
_cTextual
040 _aCRL
_cCRL
_bhin
041 _2hin
_ahin
082 _aO152,3N484,AK, P3
100 _aशर्मा, नासिरा
245 0 _aअक्षयवट
246 _aAkṣhayavaṭa
260 _aनई दिल्ली
_bभारतीय ज्ञानपीठ भारत
_c2003
300 _a500पृ0
_ccm.
490 _aलोकोदय ग्रन्थमाला; ग्रन्थांक 702
650 _aहिन्दी साहित्य
942 _hO152,3N484,AK, P3
_cTEXL
_2cc
999 _c1019178
_d1019178